LEADER 01119cam0-2200349---450- 001 990005422600403321 005 20091016093215.0 035 $a000542260 035 $aFED01000542260 035 $a(Aleph)000542260FED01 035 $a000542260 100 $a19990604d1966----km-y0itay50------ba 101 0 $afre 102 $aFR 105 $aa-------001yy 200 1 $aByzance et la mer$ela marine de guerre, la politique et les institutions maritimes de Byzance aux 7.-15. siècles$fpar Hélène Ahrweiler 210 $aParis$cPresses Universitaires de France$d©1966 215 $a502 p.$cill$d24 cm 225 1 $aBibliothèque byzantine$iÉtudes$v5 610 0 $aBizantini$aStoria 676 $a949.502$v21$zita 700 1$aAhrweiler,$bHélène$0386212 801 0$aIT$bUNINA$gRICA$2UNIMARC 901 $aBK 912 $a990005422600403321 952 $a949.502 AHR 1 TER$bBibl. 44.835$fNAP03 952 $a949.502 AHR 1$bST. MED. MOD. 4768$fFLFBC 952 $a949.502 AHR 1 BIS$bIst.Fil.Cl.3072$fFLFBC 959 $aFLFBC 959 $aNAP03 996 $aByzance et la mer$9590388 997 $aUNINA LEADER 01790nam 2200349 n 450 001 996390504003316 005 20200824121214.0 035 $a(CKB)4940000000099080 035 $a(EEBO)2240873470 035 $a(UnM)99827220e 035 $a(UnM)99827220 035 $a(EXLCZ)994940000000099080 100 $a19950207d1659 uy | 101 0 $aeng 135 $aurbn||||a|bb| 200 04$aThe common accidence examined, and explained, by short questions and answers, according to the very words of the book$b[electronic resource] $eConducing very much to the ease of the teacher, and the benefit of the learner. Being helpful to the better understanding of the rudiments and grounds of grammar, delivered in that and the like introductions, to the Latine tongue. Written heretofore, and made use of in Rotheram School, and now published for the profit of young beginners in that and other schools. By Charles Hoole Mr. of Arts, now teacher of a private grammar school neer Lothbury, London 210 $aLondon $cprinted by T.M. and are to be sold by John Clark jun. at the lower end of Cheap-side entring into Mercers Chapel$d1659 215 $a[2], 153, [17] p 300 $aAn edition of Hoole, Charles. The common accidents examined. 300 $aReproduction of the original in the British Library. 330 $aeebo-0018 606 $aLatin language$xGrammar$vEarly works to 1800 615 0$aLatin language$xGrammar 700 $aHoole$b Charles$f1610-1667.$0793350 801 0$bCu-RivES 801 1$bCu-RivES 801 2$bCStRLIN 801 2$bWaOLN 906 $aBOOK 912 $a996390504003316 996 $aThe common accidence examined and explained by short questions and answers according to the very words of the book$92329406 997 $aUNISA LEADER 01319nam 2200361Ia 450 001 996395566703316 005 20221108021606.0 035 $a(CKB)4330000000319146 035 $a(EEBO)2240950164 035 $a(OCoLC)9920075900971 035 $a(EXLCZ)994330000000319146 100 $a19900515d1600 uy | 101 0 $aeng 135 $aurbn||||a|bb| 200 14$aThe harmonie of Holie Scriptures$b[electronic resource] $evvith the seuerall sentences of sundry learned and vvorthy vvriters : collected for the comfort of all such as are desirous to seeke after theyr soules health /$fby I.B 210 $aAt London $cPrinted by I.R. for Nicholas Ling ...$d1600 215 $a[14], 529, [12] p 300 $aAttributed to James Bentley by STC (2nd ed.). 300 $aMarginal notes. 300 $aErrata: p. [14] at beginning. 300 $aSignatures: A-2M?. 300 $aErrors in paging: p. 225 and 447 misnumbered 125 and 448 respectively. 300 $aImperfect: torn and defaced. 300 $aReproduction of original in the British Library. 330 $aeebo-0018 700 $aBentley$b James$0320599 801 0$bEBL 801 1$bEBL 801 2$bWaOLN 906 $aBOOK 912 $a996395566703316 996 $aThe harmonie of Holie Scriptures$92339783 997 $aUNISA